Visual arts in ASEAN : continuity and change / (Record no. 813)

MARC details
000 -LEADER
fixed length control field 00705nam a2200217 4500
003 - CONTROL NUMBER IDENTIFIER
control field OSt
005 - DATE AND TIME OF LATEST TRANSACTION
control field 20240618052416.0
008 - FIXED-LENGTH DATA ELEMENTS--GENERAL INFORMATION
fixed length control field 240618b |||||||| |||| 00| 0 eng d
020 ## - INTERNATIONAL STANDARD BOOK NUMBER
International Standard Book Number 9839572342
040 ## - CATALOGING SOURCE
Original cataloging agency DWCL-Main lib.
Transcribing agency OC
082 ## - DEWEY DECIMAL CLASSIFICATION NUMBER
Classification number GR. 709.59 V834a 2001
006 - FIXED-LENGTH DATA ELEMENTS--ADDITIONAL MATERIAL CHARACTERISTICS
fixed length control field a
111 ## - MAIN ENTRY--MEETING NAME
Meeting name or jurisdiction name as entry element Haji Abdul Ghani Haji Bujang...[et al]
245 ## - TITLE STATEMENT
Title Visual arts in ASEAN : continuity and change /
260 ## - PUBLICATION, DISTRIBUTION, ETC.
Place of publication, distribution, etc. Kuala Lumpur :
Name of publisher, distributor, etc. ASEAN Committee on Culture and Information,
Date of publication, distribution, etc. c2001.
300 ## - PHYSICAL DESCRIPTION
Extent iii,
Other physical details 239 p. : b & w ill. ;
Dimensions 30 cm.
504 ## - BIBLIOGRAPHY, ETC. NOTE
Bibliography, etc. note Includes bibliographical references.<br/>
650 ## - SUBJECT ADDED ENTRY--TOPICAL TERM
Topical term or geographic name entry element 1. Art, Southeast Asian.
711 ## - ADDED ENTRY--MEETING NAME
Meeting name or jurisdiction name as entry element Haji Abdul Ghani Haji Bujang...[et al]
942 ## - ADDED ENTRY ELEMENTS (KOHA)
Source of classification or shelving scheme Dewey Decimal Classification
Suppress in OPAC No
Koha item type General Reference
Call number prefix GR.
Holdings
Withdrawn status Lost status Source of classification or shelving scheme Damaged status Not for loan Home library Current library Date acquired Source of acquisition Total Checkouts Full call number Barcode Date last seen Copy number Price effective from Koha item type Uniform Resource Identifier
    Dewey Decimal Classification     College Library College Library 02/06/2013 Donation   GR. 709.59 V834a 2001 49772 06/18/2024 c1 06/18/2024 General Reference